[Event " Ciutat d'Alzira 2014"]
[Site "Alzira ESP"]
[Date "2014.08.23"]
[Round "3.7"]
[White "Castillo Garcia, Adrian"]
[Black "Roca Cruz, Rafael"]
[Result "1/2-1/2"]
[WhiteElo "1719"]
[BlackElo "1950"]
[PlyCount "123"]
[EventDate "2014.08.22"]
[EventType "swiss"]
[EventRounds "9"]
[EventCountry "ESP"]
[Source "lmi"]
[SourceDate "2014.08.22"]

1. d4 c6 2. Nc3 d6 3. Bf4 Nf6 4. e4 g6 5. Nf3 Nh5 6. Be3 Bg7 7. Be2 O-O 8. Qd2
Re8 9. e5 dxe5 10. dxe5 Qxd2+ 11. Bxd2 Bg4 12. h3 Bxf3 13. Bxf3 Bxe5 14. O-O-O
Ng7 15. Rhe1 Bc7 16. Ne4 Ne6 17. Bc3 Na6 18. Be2 Nac5 19. Bc4 Rad8 20. Rxd8
Rxd8 21. Nxc5 Nxc5 22. Bb4 Bd6 23. Bxc5 Bxc5 24. c3 e6 25. f3 Kg7 26. Rd1 Be7
27. Kc2 Rxd1 28. Kxd1 b5 29. Bd3 Kf6 30. Be4 c5 31. Bc6 b4 32. cxb4 cxb4 33. a3
Bc5 34. axb4 Bxb4 35. b3 Ke5 36. Ke2 Kd4 37. Bb5 Kc3 38. Ba4 Bc5 39. h4 e5 40.
g4 f5 41. gxf5 gxf5 42. h5 h6 43. Ke1 a6 44. Ke2 Be7 45. Ke3 Bc5+ 46. Ke2 e4
47. fxe4 fxe4 48. Kd1 Kd3 49. Bd7 Bb4 50. Bg4 Ke3 51. Be2 a5 52. Bg4 Kf2 53.
Be6 Kg2 54. Bc4 Kf3 55. Be2+ Kf4 56. Bc4 Ke5 57. Be2 Be7 58. Bc4 Kd4 59. Be6
Kc3 60. Ke2 Bg5 61. Bc4 Bf4 62. Be6 1/2-1/2

[Event " Ciutat d'Alzira 2014"]
[Site "Alzira ESP"]
[Date "2014.08.23"]
[Round "3.8"]
[White "Rosello Huet, Miguel Angel"]
[Black "Marques Montolio, Luis"]
[Result "1-0"]
[WhiteElo "1918"]
[BlackElo "1729"]
[PlyCount "49"]
[EventDate "2014.08.22"]
[EventType "swiss"]
[EventRounds "9"]
[EventCountry "ESP"]
[Source "lmi"]
[SourceDate "2014.08.22"]

1. f4 d5 2. Nf3 Nf6 3. e3 h6 4. b3 Bg4 5. Bb2 e6 6. Be2 Ne4 7. d3 Bxf3 8. Bxf3
Qh4+ 9. g3 Nxg3 10. hxg3 Qxg3+ 11. Ke2 Qg6 12. Qg1 Qh7 13. Nd2 Nd7 14. e4 Nb6
15. a4 a5 16. exd5 exd5 17. Qe3+ Be7 18. Bd4 Nd7 19. Bxd5 c5 20. Bc3 Ra7 21.
Ne4 b6 22. Rag1 f6 23. Nd6+ Kd8 24. Nf7+ Kc7 25. Nxh8 1-0

[Event " Ciutat d'Alzira 2014"]
[Site "Alzira ESP"]
[Date "2014.08.23"]
[Round "3.9"]
[White "Albuixec Sanz, Jorge"]
[Black "Pradas Soria, Ernesto"]
[Result "0-1"]
[WhiteElo "1858"]
[BlackElo "1741"]
[PlyCount "99"]
[EventDate "2014.08.22"]
[EventType "swiss"]
[EventRounds "9"]
[EventCountry "ESP"]
[Source "lmi"]
[SourceDate "2014.08.22"]

1. e4 c5 2. Nf3 d6 3. g3 Nf6 4. d3 g6 5. Bg2 Bg7 6. Nbd2 Nc6 7. O-O O-O 8. c3
e5 9. Re1 Re8 10. Nf1 h6 11. Ne3 Be6 12. Bd2 d5 13. exd5 Nxd5 14. Nxd5 Bxd5 15.
Be3 Qd6 16. Qe2 Rad8 17. Red1 Qe7 18. Nh4 Bxg2 19. Nxg2 Nd4 20. Bxd4 exd4 21.
Qc2 Qd7 22. c4 g5 23. Re1 Rxe1+ 24. Rxe1 Re8 25. a3 Rxe1+ 26. Nxe1 Qe8 27. Ng2
Bf8 28. Qd2 Bd6 29. h4 f6 30. Qd1 Qd7 31. Qf3 Kg7 32. Qe4 Qe7 33. Qf3 b6 34.
Kf1 Qe5 35. Qb7+ Qe7 36. Qc8 Qc7 37. Qf5 Qf7 38. h5 Kf8 39. f4 Bc7 40. Kf2 Kg7
41. Kf3 Qe8 42. Qe4 Qf7 43. f5 Qd7 44. Qb7 Qd6 45. Kf2 Qxg3+ 46. Kg1 Qh2+ 47.
Kf1 Qe5 48. Qc6 Qe7 49. Kf2 Bf4 50. Qf3 0-1

[Event " Ciutat d'Alzira 2014"]
[Site "Alzira ESP"]
[Date "2014.08.23"]
[Round "3.10"]
[White "Alcala Cuesta, Miguel"]
[Black "De La Calle Llopis, Juan"]
[Result "0-1"]
[WhiteElo "1745"]
[BlackElo "2000"]
[PlyCount "68"]
[EventDate "2014.08.22"]
[EventType "swiss"]
[EventRounds "9"]
[EventCountry "ESP"]
[Source "lmi"]
[SourceDate "2014.08.22"]

1. d4 d5 2. c4 c6 3. cxd5 cxd5 4. Qb3 Nc6 5. Nf3 Nf6 6. Bf4 Nh5 7. Be5 Nf6 8.
e3 e6 9. Nc3 a6 10. Bd3 Bd6 11. Bxd6 Qxd6 12. O-O O-O 13. Rfd1 Bd7 14. e4 dxe4
15. Nxe4 Nxe4 16. Bxe4 Qf4 17. Qxb7 Ra7 18. Bxc6 Rxb7 19. Bxb7 Bc8 20. Bxc8
Rxc8 21. b4 f6 22. a4 g5 23. h3 h5 24. b5 g4 25. hxg4 hxg4 26. Ne1 axb5 27.
axb5 Rb8 28. d5 exd5 29. Rxd5 Kg7 30. Rad1 Qc4 31. R1d4 Qe2 32. Rd1 g3 33. fxg3
Qe3+ 34. Kf1 Rh8 0-1

[Event " Ciutat d'Alzira 2014"]
[Site "Alzira ESP"]
[Date "2014.08.24"]
[Round "4.1"]
[White "Raimundo Medina, Fermin"]
[Black "Pedros Viudes, Santiago"]
[Result "1-0"]
[WhiteElo "1764"]
[BlackElo "1963"]
[PlyCount "79"]
[EventDate "2014.08.22"]
[EventType "swiss"]
[EventRounds "9"]
[EventCountry "ESP"]
[Source "lmi"]
[SourceDate "2014.08.22"]

1. e4 e6 2. d4 d5 3. Bd3 Nf6 4. e5 Nfd7 5. Nf3 c5 6. c3 Nc6 7. O-O Be7 8. a3
O-O 9. b4 cxd4 10. cxd4 a6 11. Bb2 h6 12. Nbd2 b5 13. Nb3 Nb6 14. Nc5 Nc4 15.
Bc3 a5 16. Bc2 a4 17. Qd3 g6 18. Rfe1 Bxc5 19. dxc5 Bb7 20. Nd2 Qg5 21. Nf3 Qe7
22. Qe2 Rad8 23. Nd4 Nxd4 24. Bxd4 Qh4 25. Red1 Bc6 26. Rd3 Qe4 27. Qd1 Kg7 28.
Rg3 Qf4 29. Qd3 Qe4 30. Qd1 Qh4 31. Rh3 Qg5 32. Qe2 Rh8 33. Rd1 Be8 34. Rdd3
Qc1+ 35. Rd1 Qg5 36. Rg3 Qf4 37. Rg4 Qxg4 38. Qxg4 Nxa3 39. Qe2 Nc4 40. Qf3 1-0

[Event " Ciutat d'Alzira 2014"]
[Site "Alzira ESP"]
[Date "2014.08.24"]
[Round "4.2"]
[White "Jarque Megias, Juan Jose"]
[Black "Gonzalvez Perales, Jose Luis"]
[Result "1-0"]
[WhiteElo "1854"]
[BlackElo "2012"]
[PlyCount "84"]
[EventDate "2014.08.22"]
[EventType "swiss"]
[EventRounds "9"]
[EventCountry "ESP"]
[Source "lmi"]
[SourceDate "2014.08.22"]

1. e4 d5 2. exd5 Qxd5 3. Nc3 Qd6 4. Bc4 Nf6 5. h3 Nc6 6. Nge2 e5 7. O-O Be7 8.
Nb5 Qd8 9. a4 a6 10. Na3 Bf5 11. d3 O-O 12. Bd2 Qd7 13. Ng3 Bg6 14. Re1 Rfe8
15. Bc3 Bd6 16. Qf3 Nd4 17. Bxd4 exd4 18. Qxb7 Qxa4 19. Bb3 Qb4 20. Rxe8+ Rxe8
21. Qxb4 Bxb4 22. Nc4 a5 23. Ra4 Ra8 24. Ne5 Ra6 25. Ne2 Rd6 26. Nc4 Re6 27.
Nxd4 Re1+ 28. Kh2 Nd7 29. Nxa5 Bd6+ 30. g3 Ne5 31. Nc4 Nxc4 32. Ra8+ Bf8 33.
Bxc4 h5 34. b4 h4 35. gxh4 Bh5 36. Kg2 g6 37. Rc8 g5 38. hxg5 Kg7 39. Rxc7 Bxb4
40. Ne6+ Kg8 41. Nf4 Bd1 42. Bxf7+ Kh8 1-0

[Event " Ciutat d'Alzira 2014"]
[Site "Alzira ESP"]
[Date "2014.08.24"]
[Round "4.3"]
[White "Aledo Yanguas, Javier"]
[Black "Cebrian Flores, Juan Antonio"]
[Result "0-1"]
[WhiteElo "1791"]
[BlackElo "1995"]
[PlyCount "62"]
[EventDate "2014.08.22"]
[EventType "swiss"]
[EventRounds "9"]
[EventCountry "ESP"]
[Source "lmi"]
[SourceDate "2014.08.22"]

1. e4 g6 2. d4 Bg7 3. f4 d6 4. c3 Nf6 5. Bd3 O-O 6. Nf3 c5 7. h3 a6 8. Be3 Qc7
9. Nbd2 b5 10. Kf2 Bb7 11. g4 Nbd7 12. Qg1 b4 13. Rc1 bxc3 14. bxc3 c4 15. Bb1
e5 16. fxe5 dxe5 17. d5 Nc5 18. Ke2 Na4 19. Qg3 Rfe8 20. Ke1 Bxd5 21. h4 Be6
22. Nh2 h5 23. g5 Ng4 24. Nxg4 Bxg4 25. Qf2 Be6 26. Nf1 Rab8 27. Bd2 Bf8 28.
Ng3 Ba3 29. Rd1 Nb2 30. Nxh5 gxh5 31. Qf6 Bg4 0-1

[Event " Ciutat d'Alzira 2014"]
[Site "Alzira ESP"]
[Date "2014.08.24"]
[Round "4.4"]
[White "Castillo Garcia, Adrian"]
[Black "Leon Colan, Carlos Edmundo"]
[Result "1/2-1/2"]
[WhiteElo "1719"]
[BlackElo "1933"]
[PlyCount "48"]
[EventDate "2014.08.22"]
[EventType "swiss"]
[EventRounds "9"]
[EventCountry "ESP"]
[Source "lmi"]
[SourceDate "2014.08.22"]

1. c4 e6 2. g3 d5 3. Bg2 Nf6 4. Nf3 Be7 5. O-O O-O 6. d4 b6 7. b3 Bb7 8. Bb2
Ne4 9. Nbd2 f5 10. Ne5 Nd7 11. e3 Nxe5 12. dxe5 c5 13. Rc1 Qc7 14. Qe2 Rad8 15.
Rfd1 a5 16. f4 Ba6 17. Nxe4 dxe4 18. Bf1 g6 19. Qc2 Bb7 20. Be2 Bc6 21. a4 Rfe8
22. Bc3 Rxd1+ 23. Rxd1 Rd8 24. Rxd8+ Qxd8 1/2-1/2

[Event " Ciutat d'Alzira 2014"]
[Site "Alzira ESP"]
[Date "2014.08.24"]
[Round "4.5"]
[White "De La Calle Llopis, Juan"]
[Black "Vila Todosantos, Jose Miguel"]
[Result "0-1"]
[WhiteElo "2000"]
[BlackElo "1884"]
[PlyCount "150"]
[EventDate "2014.08.22"]
[EventType "swiss"]
[EventRounds "9"]
[EventCountry "ESP"]
[Source "lmi"]
[SourceDate "2014.08.22"]

1. d4 Nf6 2. Nf3 e6 3. c4 b6 4. g3 Bb7 5. Bg2 Be7 6. O-O O-O 7. Nc3 a6 8. b3 d6
9. Qd3 Nbd7 10. Ba3 Rb8 11. Rfd1 h6 12. h3 Re8 13. Nh4 Bxg2 14. Kxg2 e5 15. Nf5
Bf8 16. dxe5 Nxe5 17. Qd2 Qd7 18. Qc2 Qe6 19. Nd4 Qd7 20. Nd5 Nh7 21. f4 Ng6
22. e4 Ne7 23. Re1 c5 24. Nxe7+ Bxe7 25. Nf5 Bf8 26. Bb2 Re6 27. Ne3 Rbe8 28.
Nd5 b5 29. f5 Re5 30. Bxe5 Rxe5 31. cxb5 axb5 32. a4 Re8 33. Qd3 Rb8 34. a5 Qc6
35. Qc2 Nf6 36. Nxf6+ gxf6 37. Red1 Re8 38. Kf3 Ra8 39. Qd3 Qc7 40. Qd2 b4 41.
a6 Qb6 42. Qa2 Ra7 43. Qe2 Kg7 44. Ra2 Qc6 45. Qd3 Qb6 46. Rda1 h5 47. h4 Kg8
48. Qc4 Bh6 49. Rg1 Qc7 50. Rga1 Qe7 51. Qd5 Bf8 52. Ra5 Qe8 53. Qc4 Qe5 54.
R1a2 Qe8 55. Rb5 Qa8 56. Rb6 Kg7 57. Qb5 d5 58. Rb7 dxe4+ 59. Ke3 c4 60. Rb8
Bc5+ 61. Ke2 Qd5 62. Rd2 Qxf5 63. Kd1 Qf1+ 64. Kc2 cxb3+ 65. Kxb3 Qf3+ 66. Kc2
Qc3+ 67. Kd1 Be3 68. Rc2 Qa1+ 69. Ke2 Bg1 70. Qxh5 Qxa6+ 71. Qb5 Qd6 72. Kf1
Ra1+ 73. Kg2 Be3 74. Qe2 Rg1+ 75. Kh2 Qxg3# 0-1

[Event " Ciutat d'Alzira 2014"]
[Site "Alzira ESP"]
[Date "2014.08.24"]
[Round "4.6"]
[White "Gonzalvez Tamarit, Ivan"]
[Black "Morello Ostos, Domingo"]
[Result "0-1"]
[WhiteElo "1817"]
[BlackElo "1977"]
[PlyCount "94"]
[EventDate "2014.08.22"]
[EventType "swiss"]
[EventRounds "9"]
[EventCountry "ESP"]
[Source "lmi"]
[SourceDate "2014.08.22"]

1. d4 Nf6 2. c4 c5 3. d5 e6 4. Nc3 exd5 5. cxd5 d6 6. e4 g6 7. f4 Bg7 8. Bb5+
Nfd7 9. a4 a6 10. Bd3 Qh4+ 11. g3 Qe7 12. Nf3 c4 13. Bxc4 Bxc3+ 14. bxc3 Qxe4+
15. Qe2 Nc5 16. Qxe4+ Nxe4 17. Bd3 Nc5 18. Bc2 Bg4 19. Kf2 O-O 20. Ba3 Bxf3 21.
Kxf3 Nbd7 22. Rab1 f5 23. Bxc5 Nxc5 24. Rb6 Rad8 25. Re1 Kf7 26. a5 Rfe8 27.
Rxe8 Kxe8 28. Rb1 Rd7 29. Re1+ Kd8 30. Ke3 Re7+ 31. Kd2 Rxe1 32. Kxe1 Kc7 33.
Kd2 b6 34. axb6+ Kxb6 35. c4 Nd7 36. Kc3 Kc5 37. h3 Nf6 38. Bd3 Nh5 39. g4 fxg4
40. hxg4 Nxf4 41. Bf1 h5 42. gxh5 gxh5 43. Kd2 a5 44. Ke3 a4 45. Kxf4 a3 46.
Kg5 a2 47. Kxh5 a1=Q 0-1

[Event " Ciutat d'Alzira 2014"]
[Site "Alzira ESP"]
[Date "2014.08.24"]
[Round "4.7"]
[White "Boj Marques, Javier"]
[Black "Avargues Arlandis, Vicent"]
[Result "1-0"]
[WhiteElo "1950"]
[BlackElo "1843"]
[PlyCount "45"]
[EventDate "2014.08.22"]
[EventType "swiss"]
[EventRounds "9"]
[EventCountry "ESP"]
[Source "lmi"]
[SourceDate "2014.08.22"]

1. d4 d5 2. Nc3 Nf6 3. Bf4 e6 4. e3 Be7 5. Bd3 b6 6. Nf3 Bb7 7. O-O a6 8. Re1
Nbd7 9. Ne5 O-O 10. Qf3 c5 11. Rad1 b5 12. Nxd7 Qxd7 13. dxc5 Bxc5 14. Be5 Be7
15. Qh3 g6 16. Be2 b4 17. Nb1 Ne4 18. c4 bxc3 19. Nxc3 Nxc3 20. Bxc3 Qa4 21.
Qh6 f6 22. Rd4 Qc2 23. Bd3 1-0

[Event " Ciutat d'Alzira 2014"]
[Site "Alzira ESP"]
[Date "2014.08.24"]
[Round "4.8"]
[White "Roca Cruz, Rafael"]
[Black "Fenollar Marti, Jordi"]
[Result "1-0"]
[WhiteElo "1950"]
[BlackElo "1836"]
[PlyCount "67"]
[EventDate "2014.08.22"]
[EventType "swiss"]
[EventRounds "9"]
[EventCountry "ESP"]
[Source "lmi"]
[SourceDate "2014.08.22"]

1. d4 Nf6 2. c4 g6 3. Nf3 Bg7 4. h3 d5 5. cxd5 O-O 6. Nc3 Nxd5 7. Qb3 Nxc3 8.
bxc3 c5 9. e3 Nc6 10. Ba3 cxd4 11. Nxd4 Nxd4 12. cxd4 Re8 13. Bb5 Bd7 14. O-O
Bxb5 15. Qxb5 e5 16. d5 e4 17. Rab1 b6 18. Rfd1 Bf8 19. d6 Re6 20. Qd5 Rc8 21.
Rbc1 Rxc1 22. Rxc1 Qd7 23. Qa8 Re8 24. Qd5 Rc8 25. Rxc8 Qxc8 26. d7 Qd8 27. Bb2
Bg7 28. Qxe4 Qxd7 29. Qa8+ Bf8 30. Ba3 Qd1+ 31. Kh2 Kg7 32. Bxf8+ Kf6 33. Qc6+
Ke5 34. f4+ 1-0

[Event " Ciutat d'Alzira 2014"]
[Site "Alzira ESP"]
[Date "2014.08.24"]
[Round "4.9"]
[White "Del Arco Gimeno, Juan"]
[Black "Rubio Tent, Pedro"]
[Result "0-1"]
[WhiteElo "1949"]
[BlackElo "1575"]
[PlyCount "61"]
[EventDate "2014.08.22"]
[EventType "swiss"]
[EventRounds "9"]
[EventCountry "ESP"]
[Source "lmi"]
[SourceDate "2014.08.22"]

1. e4 c5 2. Nf3 Nc6 3. d4 cxd4 4. Nxd4 Nf6 5. Nxc6 bxc6 6. Bd3 e5 7. Nd2 Be7 8.
O-O O-O 9. b3 d5 10. Qe2 Qc7 11. Bb2 Bd6 12. Rae1 Re8 13. Kh1 Bg4 14. f3 Bh5
15. Qf2 Qa5 16. a4 Bc5 17. Qe2 Bb4 18. Rd1 a6 19. Qe3 Nd7 20. g4 Bg6 21. h4 h6
22. h5 Bh7 23. exd5 Bxd3 24. Qxd3 cxd5 25. c3 Be7 26. Qf5 Nf6 27. Kg2 Qc7 28.
Rfe1 Bd6 29. Nf1 Re6 30. Qd3 e4 31. Qxa6 0-1

[Event " Ciutat d'Alzira 2014"]
[Site "Alzira ESP"]
[Date "2014.08.24"]
[Round "4.10"]
[White "Juan Soriano, Leo"]
[Black "Perez Gisbert, Santiago"]
[Result "0-1"]
[WhiteElo "1572"]
[BlackElo "1937"]
[PlyCount "84"]
[EventDate "2014.08.22"]
[EventType "swiss"]
[EventRounds "9"]
[EventCountry "ESP"]
[Source "lmi"]
[SourceDate "2014.08.22"]

1. d4 e6 2. Nf3 Nf6 3. Bg5 Be7 4. e3 b6 5. Bd3 Bb7 6. Nbd2 d6 7. O-O Nbd7 8. c3
O-O 9. e4 c5 10. Qe2 e5 11. dxe5 dxe5 12. Nh4 h6 13. Be3 Nxe4 14. Nxe4 Bxh4 15.
Qg4 f5 16. Qg6 fxe4 17. Bc4+ Kh8 18. Bxh6 Qf6 19. Qxf6 Bxf6 20. Be3 Rad8 21. a4
Nb8 22. Rfe1 Bd5 23. Bf1 Nc6 24. g3 Rd6 25. a5 Nxa5 26. Rxa5 bxa5 27. Bxc5 Rfd8
28. Bxd6 Rxd6 29. Ra1 Bd8 30. Rd1 Bc7 31. Re1 Bb6 32. Re2 Bc6 33. b3 Rd1 34.
Kg2 e3+ 35. f3 Bxf3+ 36. Kxf3 Rxf1+ 37. Ke4 Rf2 38. Rxe3 Bxe3 39. Kxe3 Rxh2 40.
Ke4 Rb2 41. Kxe5 Rxb3 42. c4 a4 0-1

[Event " Ciutat d'Alzira 2014"]
[Site "Alzira ESP"]
[Date "2014.08.24"]
[Round "4.12"]
[White "Nieto Tornero, Jose"]
[Black "Carmona Huertas, Juan Antonio"]
[Result "1-0"]
[WhiteElo "1914"]
[BlackElo "1447"]
[PlyCount "63"]
[EventDate "2014.08.22"]
[EventType "swiss"]
[EventRounds "9"]
[EventCountry "ESP"]
[Source "lmi"]
[SourceDate "2014.08.22"]

1. e4 c5 2. Nf3 Nc6 3. d4 cxd4 4. Nxd4 g6 5. Nc3 Bg7 6. Be3 Nf6 7. Be2 O-O 8.
O-O a6 9. Qd2 Qc7 10. f4 d6 11. h3 b5 12. Nxc6 Qxc6 13. e5 b4 14. Bf3 bxc3 15.
Bxc6 cxd2 16. Bxa8 dxe5 17. fxe5 Nd7 18. e6 fxe6 19. Rxf8+ Kxf8 20. c3 Ne5 21.
Rf1+ Bf6 22. Bxd2 Nc4 23. Bc1 Kg7 24. Be4 Nd6 25. Bc6 Bb7 26. Bxb7 Nxb7 27. Rf4
Nc5 28. Rf3 e5 29. b4 e4 30. Rxf6 Kxf6 31. bxc5 Ke6 32. c4 1-0

[Event " Ciutat d'Alzira 2014"]
[Site "Alzira ESP"]
[Date "2014.08.24"]
[Round "5.1"]
[White "Cebrian Flores, Juan Antonio"]
[Black "Raimundo Medina, Fermin"]
[Result "1-0"]
[WhiteElo "1995"]
[BlackElo "1764"]
[PlyCount "51"]
[EventDate "2014.08.22"]
[EventType "swiss"]
[EventRounds "9"]
[EventCountry "ESP"]
[Source "lmi"]
[SourceDate "2014.08.22"]

1. Nf3 d5 2. d4 e6 3. b3 Nf6 4. Bb2 Bd6 5. e3 Nbd7 6. Bd3 c6 7. Ne5 O-O 8. Nd2
Qc7 9. f4 b6 10. O-O Bb7 11. g4 c5 12. g5 Ne4 13. Rf3 Bxe5 14. dxe5 Rfc8 15.
Rh3 a6 16. Bxe4 dxe4 17. Nc4 Rd8 18. Nd6 b5 19. Rxh7 Nf8 20. Rh3 Ng6 21. Qh5
Rd7 22. f5 exf5 23. Nxf5 Rad8 24. Qh7+ Kf8 25. Qxg7+ Ke8 26. Rh8+ 1-0

[Event " Ciutat d'Alzira 2014"]
[Site "Alzira ESP"]
[Date "2014.08.24"]
[Round "5.2"]
[White "Jarque Megias, Juan Jose"]
[Black "Pallas I Garrido, Ernest Josep"]
[Result "1-0"]
[WhiteElo "1854"]
[BlackElo "1844"]
[PlyCount "57"]
[EventDate "2014.08.22"]
[EventType "swiss"]
[EventRounds "9"]
[EventCountry "ESP"]
[Source "lmi"]
[SourceDate "2014.08.22"]

1. e4 e5 2. Nf3 Nc6 3. Bb5 a6 4. Ba4 Nf6 5. O-O Be7 6. c3 b5 7. Bc2 O-O 8. Re1
d5 9. exd5 Nxd5 10. Nxe5 Nxe5 11. Rxe5 Nf6 12. h3 Bd6 13. Re1 Ng4 14. Qf3 Qh4
15. d4 Bh2+ 16. Kf1 Nxf2 17. Qxf2 Bg3 18. Qd2 Bxh3 19. Re4 Bg4 20. Rxg4 Qh1+
21. Ke2 Qxg2+ 22. Ke3 Rae8+ 23. Re4 Qg1+ 24. Kf3 Re6 25. Qe2 Rf6+ 26. Bf4 g5
27. Nd2 Bxf4 28. Rxg1 Bxd2+ 29. Kg2 1-0

[Event " Ciutat d'Alzira 2014"]
[Site "Alzira ESP"]
[Date "2014.08.24"]
[Round "5.3"]
[White "Morello Ostos, Domingo"]
[Black "Rosello Huet, Miguel Angel"]
[Result "1/2-1/2"]
[WhiteElo "1977"]
[BlackElo "1918"]
[PlyCount "96"]
[EventDate "2014.08.22"]
[EventType "swiss"]
[EventRounds "9"]
[EventCountry "ESP"]
[Source "lmi"]
[SourceDate "2014.08.22"]

1. e4 d5 2. exd5 Nf6 3. c4 c6 4. d4 cxd5 5. Nc3 Nc6 6. Nf3 Bg4 7. cxd5 Nxd5 8.
Bc4 e6 9. Bxd5 exd5 10. O-O Be7 11. h3 Bxf3 12. Qxf3 Nxd4 13. Qd3 Ne6 14. Qb5+
Qd7 15. Qxd7+ Kxd7 16. Nxd5 Rhd8 17. Be3 Ke8 18. Nxe7 Kxe7 19. Rac1 b6 20. Rfe1
Rd5 21. f4 h5 22. g4 hxg4 23. hxg4 g6 24. Kf2 Rh8 25. Rh1 Rxh1 26. Rxh1 Rb5 27.
b3 Ra5 28. Ra1 Nc7 29. Bd2 Rd5 30. Re1+ Ne6 31. Be3 Kd7 32. Re2 Nc7 33. Rc2 Nb5
34. Kf3 Nd6 35. Rd2 Rxd2 36. Bxd2 f5 37. gxf5 gxf5 38. Ke3 Ke6 39. Kd4 Ne4 40.
Be1 a6 41. Bh4 Kd6 42. Bd8 b5 43. Ba5 Ke6 44. Bb4 Nf2 45. Be1 Ne4 46. a3 Kd6
47. Bb4+ Ke6 48. Ba5 Kd6 1/2-1/2

[Event " Ciutat d'Alzira 2014"]
[Site "Alzira ESP"]
[Date "2014.08.24"]
[Round "5.4"]
[White "Pedros Viudes, Santiago"]
[Black "Nieto Tornero, Jose"]
[Result "1-0"]
[WhiteElo "1963"]
[BlackElo "1914"]
[PlyCount "91"]
[EventDate "2014.08.22"]
[EventType "swiss"]
[EventRounds "9"]
[EventCountry "ESP"]
[Source "lmi"]
[SourceDate "2014.08.22"]

1. d4 Nf6 2. Nf3 g6 3. Bf4 Bg7 4. e3 d6 5. Be2 O-O 6. O-O Nbd7 7. h3 Qe8 8. c4
Nh5 9. Bh2 e5 10. Nc3 f5 11. Nb5 Qd8 12. dxe5 a6 13. exd6 axb5 14. dxc7 Qe8 15.
Bd6 Rf6 16. c5 Bf8 17. Bxb5 f4 18. exf4 Bxd6 19. cxd6 Qe6 20. Re1 Qxd6 21. Qb3+
Kg7 22. Rad1 Nc5 23. Rxd6 Nxb3 24. Re7+ Rf7 25. Rxf7+ Kxf7 26. axb3 Ke7 27. Rd8
Nxf4 28. Rh8 h5 29. Kh2 Kd6 30. Kg3 Ne6 31. Rg8 Nc5 32. Rxg6+ Kxc7 33. Nd4 Ra2
34. f3 Rxb2 35. Bc4 Nd7 36. Nb5+ Kb8 37. Rg8 Rd2 38. Rh8 h4+ 39. Rxh4 b6 40.
Rh6 Bb7 41. Rd6 Rxd6 42. Nxd6 Kc7 43. Nb5+ Kd8 44. Nd6 Bc6 45. Bb5 Bd5 46. Nc4
1-0

[Event " Ciutat d'Alzira 2014"]
[Site "Alzira ESP"]
[Date "2014.08.24"]
[Round "5.5"]
[White "Leon Colan, Carlos Edmundo"]
[Black "Boj Marques, Javier"]
[Result "0-1"]
[WhiteElo "1933"]
[BlackElo "1950"]
[PlyCount "94"]
[EventDate "2014.08.22"]
[EventType "swiss"]
[EventRounds "9"]
[EventCountry "ESP"]
[Source "lmi"]
[SourceDate "2014.08.22"]

1. d4 d5 2. Nf3 Nf6 3. g3 e6 4. Bg2 Be7 5. b3 O-O 6. O-O Nbd7 7. c4 Ne4 8. Bb2
c6 9. Nfd2 Nxd2 10. Nxd2 f5 11. f3 f4 12. Re1 Bd6 13. g4 Qg5 14. Nf1 Bb4 15.
Qd3 Bxe1 16. Rxe1 Rf6 17. e3 Nf8 18. e4 Bd7 19. Ba3 Ng6 20. e5 Rf7 21. Bd6 Nh4
22. Qd2 h5 23. h3 hxg4 24. hxg4 Qh6 25. Re2 g5 26. Bh1 Qg6 27. Qc2 Qxc2 28.
Rxc2 Be8 29. Bg2 Rh7 30. a4 dxc4 31. Rxc4 b5 32. axb5 cxb5 33. Rc1 a5 34. Nd2
Nxg2 35. Kxg2 Bg6 36. Ne4 Bxe4 37. fxe4 Rh4 38. d5 Rxg4+ 39. Kf2 Rg3 40. Be7
exd5 41. exd5 Kf7 42. Ba3 Rh8 43. e6+ Kg6 44. d6 Kf5 45. e7 Ke6 46. Rh1 Rc8 47.
Rh7 Rxb3 0-1

[Event " Ciutat d'Alzira 2014"]
[Site "Alzira ESP"]
[Date "2014.08.24"]
[Round "5.6"]
[White "Vila Todosantos, Jose Miguel"]
[Black "Roca Cruz, Rafael"]
[Result "0-1"]
[WhiteElo "1884"]
[BlackElo "1950"]
[PlyCount "90"]
[EventDate "2014.08.22"]
[EventType "swiss"]
[EventRounds "9"]
[EventCountry "ESP"]
[Source "lmi"]
[SourceDate "2014.08.22"]

1. e4 c6 2. d4 d6 3. b3 e5 4. Bb2 Nd7 5. Nf3 Qc7 6. Be2 Ngf6 7. Nbd2 Be7 8. O-O
O-O 9. h3 Re8 10. c4 Bf8 11. Bd3 g6 12. Rc1 Bg7 13. Bb1 Nh5 14. d5 Nf4 15. Rc3
c5 16. Re1 Nf8 17. Nh2 Bd7 18. Ndf1 g5 19. Rg3 Qd8 20. Ne3 N8g6 21. Nhg4 Bc8
22. Nf5 h5 23. Nxg7 Kxg7 24. Nh2 Rb8 25. Bc1 f6 26. Rc3 Rh8 27. Nf1 g4 28. hxg4
Bxg4 29. f3 Bd7 30. Kf2 h4 31. Ne3 Nh5 32. Nf5+ Bxf5 33. exf5 Ngf4 34. Bd2 Kf7
35. Rg1 Qg8 36. Bxf4 Nxf4 37. Qf1 Qg3+ 38. Ke3 Rbg8 39. Rc2 h3 40. Rf2 hxg2 41.
Qd1 Nh3 42. Rfxg2 Qf4+ 43. Ke2 Nxg1+ 44. Qxg1 Rxg2+ 45. Qxg2 Rh2 0-1

[Event " Ciutat d'Alzira 2014"]
[Site "Alzira ESP"]
[Date "2014.08.24"]
[Round "5.7"]
[White "Perez Gisbert, Santiago"]
[Black "Castillo Garcia, Adrian"]
[Result "1/2-1/2"]
[WhiteElo "1937"]
[BlackElo "1719"]
[PlyCount "37"]
[EventDate "2014.08.22"]
[EventType "swiss"]
[EventRounds "9"]
[EventCountry "ESP"]
[Source "lmi"]
[SourceDate "2014.08.22"]

1. e4 d6 2. d4 Nf6 3. Nc3 e5 4. dxe5 dxe5 5. Qxd8+ Kxd8 6. Bg5 Be6 7. O-O-O+
Nbd7 8. Bb5 c6 9. Ba4 Kc7 10. Nge2 Ng4 11. Bh4 Bc5 12. Rdf1 f6 13. h3 Nh6 14.
Kb1 Nf7 15. f4 Nd6 16. Bb3 Bxb3 17. axb3 Rhe8 18. f5 Rac8 19. Rd1 1/2-1/2

[Event " Ciutat d'Alzira 2014"]
[Site "Alzira ESP"]
[Date "2014.08.24"]
[Round "5.8"]
[White "Pradas Soria, Ernesto"]
[Black "Ventura Monfort, Santiago"]
[Result "0-1"]
[WhiteElo "1741"]
[BlackElo "1934"]
[PlyCount "78"]
[EventDate "2014.08.22"]
[EventType "swiss"]
[EventRounds "9"]
[EventCountry "ESP"]
[Source "lmi"]
[SourceDate "2014.08.22"]

1. d4 Nf6 2. c4 g6 3. Nc3 Bg7 4. e4 d6 5. h3 O-O 6. Be3 Nc6 7. d5 Nb8 8. Qd2 e5
9. g4 Nbd7 10. Nge2 Nc5 11. Ng3 a5 12. Be2 Bd7 13. f3 c6 14. h4 cxd5 15. cxd5
Rb8 16. h5 b5 17. Nd1 b4 18. Bh6 Ne8 19. Bxg7 Nxg7 20. hxg6 fxg6 21. Qh6 Qf6
22. Qxh7+ Kf7 23. Qh2 Rh8 24. Qg2 Qf4 25. Rxh8 Rxh8 26. Nf1 Ne8 27. Nde3 a4 28.
O-O-O Nc7 29. Kb1 Nb5 30. Nc4 Ke7 31. Nb6 Nd4 32. Nxd7 Kxd7 33. Qf2 Nxe4 34.
Qe1 Nc5 35. Bc4 Qxf3 36. Nd2 Qxg4 37. Qf1 Qf5+ 38. Qxf5+ gxf5 39. Rg1 Rh7 0-1

[Event " Ciutat d'Alzira 2014"]
[Site "Alzira ESP"]
[Date "2014.08.24"]
[Round "5.9"]
[White "Rubio Tent, Pedro"]
[Black "Benedito Salavert, Jaime"]
[Result "0-1"]
[WhiteElo "1575"]
[BlackElo "1914"]
[PlyCount "82"]
[EventDate "2014.08.22"]
[EventType "swiss"]
[EventRounds "9"]
[EventCountry "ESP"]
[Source "lmi"]
[SourceDate "2014.08.22"]

1. e4 d6 2. d4 Nf6 3. Nc3 g6 4. f4 Bg7 5. Nf3 O-O 6. Bc4 Nxe4 7. Nxe4 d5 8.
Bxd5 Qxd5 9. Ng3 Bg4 10. Be3 c5 11. c3 cxd4 12. cxd4 Nc6 13. O-O Nxd4 14. Bxd4
Bxd4+ 15. Qxd4 Bxf3 16. Qxd5 Bxd5 17. a3 Rac8 18. Rac1 Rxc1 19. Rxc1 Rd8 20.
Ne2 Bc6 21. Rc2 Rd1+ 22. Kf2 Rh1 23. Kg3 Rd1 24. Nc3 Rd4 25. Re2 e6 26. h4 h5
27. Rc2 a5 28. Ne2 Rd3+ 29. Kh2 Kf8 30. Ng1 Ke7 31. Nh3 f6 32. Nf2 Rd4 33. g3
Kd6 34. Kg1 e5 35. fxe5+ fxe5 36. Nh3 Rd3 37. Kh2 e4 38. Nf4 Rd1 39. Ng2 e3 40.
Re2 Rd2 41. Nf4 Bf3 0-1